Super Smash Bros. - Metroid Universe - Statistics

General Stats
  • This quiz has been taken 72 times
    71 since last reset
  • The average score is 22 of 74
Answer Stats
Hint Answer % Correct
Fighters Ridley
100%
Fighters Samus
100%
Fighters Dark Samus
98%
Trophies Zero
96%
Fighters Zero Suit Samus
96%
Assist Trophies Metroid
81%
Masterpieces Metroid
81%
Assist Trophies Mother Brain
77%
Spirits Mother Brain (2nd Form)
77%
Stages Brinstar
74%
Spirits Kraid
70%
Stages Norfair
67%
Items Screw Attack
60%
Bosses Meta Ridley
56%
Stages Brinstar Depths
49%
Stages Frigate Orpheon
47%
Stages Planet Zebes
42%
Spirits X Parasite
40%
Spirits Gravity Suit
37%
Trophies Space Pirate
35%
Spirits Chozo Statue
33%
Trophies Metroid Prime (Core)
33%
Trophies Metroid Prime (Exo)
33%
Masterpieces Super Metroid
33%
Trophies Samus (Varia Suit)
32%
Spirits Phantoon
30%
Spirits Phazon Suit
30%
Spirits Adam Malkovich
28%
Spirits Fusion Suit
28%
Spirits Light Suit
28%
Spirits Nightmare
28%
Stages Pyrosphere
28%
Spirits Dark Suit
26%
Spirits Parasite Queen
25%
Spirits Mech
23%
Spirits Mecha Ridley
23%
Spirits Queen Metroid
23%
Spirits Zebesian
23%
Stickers Zebes Inhabitant
23%
Trophies Morph Ball
21%
Spirits Omega Ridley
19%
Trophies Samus (Power Suit)
19%
Spirits Young Samus
19%
Trophies Sylux
18%
Spirits Gunship
16%
Spirits Diggernaut
12%
Spirits Gandrayda
12%
Ennemies Geemer
12%
Spirits Trace
12%
Trophies Zero Laser
11%
Stickers Energy Tank
9%
Ennemies Kihunter
9%
Spirits Little Birdie
9%
Trophies Luminoth
9%
Trophies Noxus
9%
Trophies Power Suit Samus
9%
Spirits Kanden
7%
Trophies Spire
7%
Trophies King Kihunter
5%
Trophies Madeline Bergman
5%
Trophies Melissa Bergman (MB)
5%
Trophies Weavel
5%
Ennemies Reo
4%
Trophies Samus Unmasked
4%
Trophies Sheegoth
4%
Stickers Federation Trooper
2%
Trophies Mystery Creature
2%
Stickers Running Zero Suit Samus
2%
Stickers Special Token
2%
Trophies FG II-Graham
0%
Trophies Joulion
0%
Trophies RB176 Ferrocrusher
0%
Trophies Vorash
0%
Stickers Warrior Ing
0%
No matching quizzes found
Score Distribution
Percent of People with Each Score
Percentile by Number Answered
Your Score History
You have not taken this quiz since the last reset